000 01448nam0a22003131 4500
001 rc\3813564
005 20250530060523.0
021 _aRU
_bП997-76
021 _aRU
_bП998-76
035 _a(NLR Aleph) 007262693
090 _a5324581
_c5324581
100 _a20120329d1976 |||y0rusy50 ca
101 0 _arus
102 _aRU
105 _ay z |||||
200 1 _aУлучшение свойств упаковочных пленочных материалов, вырабатываемых на основе целлюлозы, для молочных, мясных и других пищевых продуктов
_fМ-во мяс. и мол. пром-сти СССР. ЦНИИ информации и техн.-экон. исследований
210 _aМосква
_cБ. и.
_d1976
215 _a39 с.
_d21
225 1 _aОбзорная информация
_iСерия: Цельномолочная промышленность
_v№ 3
300 _aНа 2-й с. обл. авт.: к. т. н. Г.Г. Шилер, О.М. Свещинский, к. т. н. С.В. Генель
320 _aБиблиогр.: с. 35-38
700 1 _aШилер
_bГ.Г.
_gГергард Генрихович
701 1 _aСвещинский
_bО.М.
701 1 _aГенель
_bС.В.
_gСамуил Вениаминович
801 0 _aRU
_bNLR
_gpsbo
801 1 _aRU
_bELAR
_2rusmarc
852 _aNLR
_jП10/4922
942 _cBOOK
980 _aNB